LEADER 01455nam 2200361 n 450 001 996385983103316 005 20200824120919.0 035 $a(CKB)1000000000607044 035 $a(EEBO)2248561797 035 $a(UnM)99839865e 035 $a(UnM)99839865 035 $a(EXLCZ)991000000000607044 100 $a19910115d1613 uy | 101 0 $aeng 135 $aurbn||||a|bb| 200 02$aA counter-snarle for Ishmael Rabshacheh, a Cecropidan Lycaonite. By Sr. Edward Hoby, Knight, one of the gentlemen of his Maiesties Priuie-Chamber$b[electronic resource] 210 $aLondon $cPrinted [by G. Eld and Thomas Snodham] for Nath. Butter, by the authoritie of superiours$d1613 215 $a[4], 78, [2] p 300 $aA reply to: Floyd, John. The overthrow of the Protestants pulpit-Babels. 300 $a"Snodham pr[inted]. G-L; Eld the rest"--STC. 300 $aThe last leaf is blank. 300 $aIn this state, [A]2v is blank. 300 $aReproduction of the original in the Henry E. Huntington Library and Art Gallery. 330 $aeebo-0113 700 $aHoby$b Edward$cSir,$f1560-1617.$01009025 801 0$bCu-RivES 801 1$bCu-RivES 801 2$bCStRLIN 801 2$bWaOLN 906 $aBOOK 912 $a996385983103316 996 $aA counter-snarle for Ishmael Rabshacheh, a Cecropidan Lycaonite. By Sr. Edward Hoby, Knight, one of the gentlemen of his Maiesties Priuie-Chamber$92336174 997 $aUNISA